Young adult science fiction
Αποθηκεύτηκε σε:
| Άλλοι συγγραφείς: | |
|---|---|
| Μορφή: | Βιβλίο |
| Γλώσσα: | English |
| Δημοσίευση: |
Westport, Conn. :
Greenwood Press,
1999
|
| Σειρά: | Contributions to the study of science fiction and fantasy ;
; 79 |
| Θέματα: | |
| Ετικέτες: |
Προσθήκη ετικέτας
Δεν υπάρχουν, Καταχωρήστε ετικέτα πρώτοι!
|
MARC
| LEADER | 00000nam a2200000 i 4500 | ||
|---|---|---|---|
| 001 | 1/59846 | ||
| 008 | 071022s1999 eng d | ||
| 020 | |a 0-313-28940-9 | ||
| 035 | |l 10091728 | ||
| 040 | |a GR-MY-UA |b gre |e aacr | ||
| 041 | 0 | |a eng | |
| 082 | 0 | |a 813.0876209 |2 (22) | |
| 245 | 1 | 0 | |a Young adult science fiction / |c edited by C.W. Sullivan, III |
| 260 | |a Westport, Conn. : |b Greenwood Press, |c 1999 | ||
| 300 | |a xi, 247 σ.; |c 25 εκ. | ||
| 490 | 1 | |a Contributions to the study of science fiction and fantasy |v ; 79 | |
| 504 | |a Περιλαμβάνει βιβλιογραφίες και ευρετήριο | ||
| 650 | 0 | 0 | |a Science fiction, American |x History and criticism. |
| 650 | 0 | 0 | |a Young adult fiction, American |x History and criticism. |
| 700 | 1 | |a Sullivan, Charles Wm. (Charles William) |d 1944- |4 edt | |
| 830 | 0 | |a Contributions to the study of science fiction and fantasy ; |v ; 79 | |
| 852 | |a INST |b RHODES |e 20071022 |h 813.0876209 YOU |p 005400025393 |q 005400025393 |t BK |y 0 | ||
| 901 | |a BIBL4-2007-3 | ||
| 909 | |a Ρ |b 139753 | ||
| 922 | |a 4ΕΛΗ |b 200710 |c ΕΠΕΑΕΚ2/ΠΤΔΕ |d ΠΑΠΑΣΩΤΗΡΙΟΥ | ||
| 970 | |a ΜΙΣΣΟΣ |b ΣΤΑΥΡΟΣ |z 2007/10/22 | ||